000 00589nam a2200241Ia 4500
003 OSt
005 20220928141728.0
006 a|||||r|||| 00| 0
007 ta
008 220927b |||||||| |||| 00| 0 eng d
024 _a17254
037 _cTextual
040 _aSDCL
_cSDCL
_beng
041 _2eng
_aeng
082 _aX:86, L9
100 _aTaylor W J
_9489543
245 0 _aSuccessful project management
250 _a2
260 _c1979
700 _a Watling T F
_9489544
942 _hX:86, L9
_cTEXL
_2CC
999 _c819575
_d819575